The myth of the family unit: Adivasi women in coal-mines and tea plantations in early twentieth-century Bengal (Record no. 364694)

000 -LEADER
fixed length control field 00546cam a22001457a 4500
008 - FIXED-LENGTH DATA ELEMENTS--GENERAL INFORMATION
fixed length control field 180718b1993 xxu||||| |||| 00| 0 eng d
082 ## - DEWEY DECIMAL CLASSIFICATION NUMBER
Classification number BA27x54 D165
100 ## - MAIN ENTRY--PERSONAL NAME
Personal name Engels, Dagmar
245 ## - TITLE STATEMENT
Title The myth of the family unit: Adivasi women in coal-mines and tea plantations in early twentieth-century Bengal
Statement of responsibility, etc. by Dagmar Engels
260 ## - PUBLICATION, DISTRIBUTION, ETC.
Place of publication, distribution, etc. Delhi
Name of publisher, distributor, etc. Oxford
Date of publication, distribution, etc. 1993
300 ## - PHYSICAL DESCRIPTION
Extent 225-244
500 ## - GENERAL NOTE
General note [In] Dalit movements and the meanings of labour in India, edited by Peter Robb
650 ## - SUBJECT ADDED ENTRY--TOPICAL TERM
Topical term or geographic name entry element Tribes and Tribal System
650 ## - SUBJECT ADDED ENTRY--TOPICAL TERM
Topical term or geographic name entry element Women in Employment
Holdings
Withdrawn status Lost status Damaged status Not for loan Permanent Location Current Location Date acquired Full call number Barcode Date last seen Price effective from Koha item type
        Indian Institute of Public Administration Indian Institute of Public Administration 1994-04-12 BA27x54 D165 CB378 2018-07-21 2018-07-21 CB

Powered by Koha